La participacin̤ de las vc̕timas en el Sistema integral de verdad, justicia, reparacin̤ y no repeticin̤

Bibliographic Details
Main Author: Ospina, Juan Carlos
Other Authors: Linares, Cielo, Lechartre, Josephine
Format: eBook
Language:Spanish
Published: Bogot:̀ Comisin̤ Colombiana de Juristas, 2017
Subjects:
Online Access:Acceso restringido

MARC

LEADER 00000nam a22000007a 4500
005 20200310232227.0
007 cr|||| ||||
008 200310s2017 co |||||s|||| 00||0 spa d
020 |a 978-958-9348-70-3 
035 |a 31155 
040 |a vLex 
090 |c 10228  |d 10228 
100 1 |a Ospina, Juan Carlos 
245 1 2 |a La participacin̤ de las vc̕timas en el Sistema integral de verdad, justicia, reparacin̤ y no repeticin̤  |h [Recurso electrn̤ico] /  |c Juan Carlos Ospina, Cielo Linares, Josephine Lechartre 
256 |a Servicio en ln̕ea 
260 |a Bogot:̀  |b Comisin̤ Colombiana de Juristas,  |c 2017 
300 |a 1 recurso electrn̤ico 
506 1 |a Disponible solo en los productos indicados  |d vLex Global  |d vLex Global (Academic Edition, excluding Law Schools)  |d vLex Global (U.S. Academic Edition, Law Schools)  |d vLex Global (U.S. Academic Edition, excluding Law Schools)  |d vLex Global (Academic Edition, Law Schools) 
650 0 4 |a Derecho Internacional  |z Colombia 
700 1 |a Linares, Cielo 
700 1 |a Lechartre, Josephine 
740 0 |a vLex Libros (Servicio en ln̕ea) 
856 4 0 |u http://vlex.com/source/participacion-victimas-sistema-integral-verdad-justicia-reparacion-no-repeticion-31155  |z Acceso restringido 
942 |c BOOK 
999 0 |a International right